000 00637nam a2200181Ia 4500
008 090630s9999 xx 000 0 und d
082 _b11768
100 _aदेवळे श. रा.
245 _aसंत तुकाराम नवलकथा.
_cदेवळे श. रा.
260 _bश्रीविद्या.
_c1989
300 _a48
600 _aदेवळे श. रा.
630 _aसंत तुकाराम नवलकथा.
655 _aबालवाङमय.
700 _aदेवळे श. रा.
730 _aसंत तुकाराम नवलकथा.
942 _cBOOK
999 _c263624
_d263624